Concepts of physics / (Record no. 41415)

MARC details
000 -LEADER
fixed length control field 00640nam a22001937a 4500
005 - DATE AND TIME OF LATEST TRANSACTION
control field 2010081206216.0
010 ## - LCCN (DPL NO)
LC control number ENG-99936
020 ## - INTERNATIONAL STANDARD BOOK NUMBER
International Standard Book Number 9788190919241
Terms of availability 175.00
035 ## - SYSTEM CONTROL NUMBER
System control number EN-83468
037 ## - SOURCE OF ACQUISITION
Source of stock number/acquisition DBAD/PUB
082 ## - DEWEY DECIMAL CLASSIFICATION NUMBER
Classification number 530
100 ## - MAIN ENTRY--PERSONAL NAME
Personal name R Jaikumar
245 ## - TITLE STATEMENT
Title Concepts of physics /
Statement of responsibility, etc by R Jaikumar
260 ## - PUBLICATION, DISTRIBUTION, ETC. (IMPRINT)
Place of publication, distribution, etc Tamil Nadu
Name of publisher, distributor, etc Agasthiar Noolagam
Date of publication, distribution, etc 2009
270 ## - ADDRESS
Address 119 North Pillayar Kovil Street Varaganeri Trichy
City Tamil Nadu
Postal code 620008
300 ## - PHYSICAL DESCRIPTION
Extent 143p
Dimensions 25cm(pbk)
942 ## - ADDED ENTRY ELEMENTS (KOHA)
Source of classification or shelving scheme Dewey Decimal Classification
Item type English Books
Classification part 530
Call number suffix RJA
Holdings
Withdrawn status Lost status Not for loan Collection code Home library Current library Date acquired Source of acquisition Cost, normal purchase price Full call number Barcode Copy number Cost, replacement price Koha item type
    Not For Loan Non-fiction D.B.Act.Division Bawana 12/08/2010 DBAD/PUB 175.00 530 RJA EN-83468 1 175.00 English Books

© Delhi Public Library
Hit Counter
free hit counter